Statistics for Biggest Metropolitan Cities in Poland

Click here to take the quiz!

General Stats

  • This quiz has been taken 52 times
  • The average score is 7 of 7

Answer Stats

Population (2024)City% Correct
1,498,000Kraków
100%
3,239,000Warsaw
100%
3,029,000Katowice
96%
1,250,000Wrocław
96%
1,081,000Gdańsk
94%
1,165,000Łódź
90%
1,029,000Poznań
88%

Score Distribution

Percentile by Number Answered

Percent of People with Each Score

Your Score History

You have not taken this quiz